000
00308nam a2200121Ia 4500
008
220204s9999 xx 000 0 und d
082
_a
547
_b
NES.2
100
_a
Nesmeyanov, A N
245
0
_a
Fundamentals of organic chemistry. V 2
260
_a
Moscow
_b
Mir
_c
1977
700
_a
Nesmeyanov, N A
942
_c
BK
999
_c
26143
_d
26143